000 00552nam a22001937a 4500
005 20251108171023.0
008 250721s1983 xx 000 0 ara d
082 1 4 _aم/214.1/أجر
100 1 _aالأجري، أبي بكر محمد بن الحسين
245 1 0 _aالشريعة /
264 1 _aبيروت :
_bدار الرسالة،
_c1983.
300 _a504ص
650 1 7 _aالإسلام
650 1 7 _aأصول
650 1 7 _aالتوحيد
700 1 _aالفقي، محمد حامد
_eتحقيق
942 _2ddc
_cREF
999 _c54542
_d54542